000 01739nam a2200385 a 4500
001 00194
003 DO-SdBNP
005 20160516145156.0
007 00194
008 091123s2000 dr 2000 000 0 spa d
020 _a9788482612348
040 _aBNPHU
_bspa
_cBNPHU
092 _a372.83
_bI58s 6to. 2000
100 1 _aInoa, Orlando
245 1 0 _aSociedad 6 : [educación básica] /
_cOrlando Inoa ; dirección editorial Obdulia García de Escobar ; editora Margarita Castro Catrain
260 _aSanto Domingo :
_bSantillana,
_c2000.
300 _a160 p. :
_bil., mapa, retrs. ;
_c28 cm.
490 1 _aUmbral
505 0 _tUnidad 1.
_tEl expancionismo europeo --
_tUnidad 2.
_tColonización en América --
_tUnidad 3.
_tSanto Domingo español --
_tUnidad 4.
_tEl origen de Saint Domingue --
_tUnidad 5.
_tLas revoluciones burguesas --
_tUnidad 6.
_tLas luchas antiesclavistas --
_tUnidad 7.
_tLas independencias americanas /
_tUnidad 8.
_tLa conciencia criolla /
_tUnidad 9.
_tEstado, nación y democracia.
_r
650 4 _aCIENCIAS SOCIALES
_xEDUCACIÓN BÁSICA
650 4 _aCIENCIAS SOCIALES
_xEDUCACIÓN PRIMARIA
650 4 _aCIENCIAS SOCIALES
_xLIBROS DE TEXTOS
650 4 _aEDUCACIÓN PRIMARIA
_zREPÚBLICA DOMINICANA
700 1 2 _aGarcía Escobar, Obdulia,
_e ed.
700 1 _aCastro Catrain, Margarita,
_eed.
830 0 _aUmbral
910 _aValidado. Control de calidad MFF
930 1 _lBND01
_mLF1
_820091123
_f01
_pCT
_g8150
_hv. 1
930 1 _lBND01
_mLF1
_820150622
_f01
_pCT
_g49175
_hv. 3
930 1 _lBND01
_mLF1
_820150622
_f01
_pCT
_g49175
_hv. 4
942 _2ddc
_cBK
956 _aYLOCKWARD
_b10
_c20150622
_lBND01
_h1021
956 _aVMATEO
_b10
_c20150708
_lBPMSU
_h00151
956 _aBTAVÁREZ
_b10
_c20160414
_l00193
999 _c9788
_d9788